00662cam a22002171 450000500170000000800410001701000130005802000230007102000260009403500130012003700080013304000170014108200080015810000420016624500560020826000580026427000540032230000290037649000220040550400170042720060324110017.0710521s1968 enk b 000 0 eng  aB-307677 a0750643935c595.00 a9780750643931c595.00 aB-307677 bUBH aDPLbEnglish a658 aDrucker, Peter F.q(Peter Ferdinand), aThe practice of management /cby Peter F. Drucker. aLondon,bElsevier Butterworth Heinemannc2006 (repr,) aLinacre House, Jordan Hill, OxfordbUKeOX2 8DP,  aviii, 399p.c21cm. (pbk) amanagement series aBibliography